[Event "FRA-ch op-B"]
[Site "Aix les Bains"]
[Date "2007.08.24"]
[Round "10"]
[White "Giua, Stephanie"]
[Black "Bosel, Gunter"]
[Result "1-0"]
[WhiteElo "1968"]
[BlackElo "1990"]
[PlyCount "95"]
[EventDate "2007.08.13"]
[EventType "swiss"]
[EventRounds "11"]
[EventCountry "FRA"]
[SourceTitle "CBM 120 Extra"]
[Source "ChessBase"]
[SourceDate "2007.11.01"]
[SourceVersion "1"]
[SourceVersionDate "2007.11.01"]
[SourceQuality "1"]

1. e4 c5 2. Nc3 Nc6 3. g3 g6 4. Bg2 Bg7 5. d3 e6 6. f4 Nge7 7. Nf3 f5 8. 0-0 0-0 9. Be3 b6 10. e5 Nd5 11. Nxd5 exd5 12. d4 c4 13. Nd2 Ne7 14. Re1 Qc7 15. Nb1 Bb7 16. Nc3 Bc6 17. g4 b5 18. gxf5 Rxf5 19. Qg4 b4 20. Nd1 Rff8 21. Bd2 a5 22. Ne3 Rab8 23. Qg5 Qd8 24. c3 Qe8 25. Rf1 Qf7 26. Bh3 Kh8 27. Kh1 Rg8 28. Qh4 Nf5 29. Nxf5 gxf5 30. Rg1 Ba4 31. Rac1 Rb6 32. Rg5 Rh6 33. Qg3 Rh5 34. Qf3 Rxg5 35. fxg5 bxc3 36. Bxc3 Rf8 37. Qf4 Qh5 38. Bg2 Bc2 39. Qg3 f4 40. Qf3 Qxf3 41. Bxf3 Be4 42. Kg2 d6 43. Re1 dxe5 44. dxe5 Rf5 45. Bxe4 dxe4 46. Rxe4 f3+ 47. Kf2 h6 48. gxh6 1-0

[Event "FRA-ch op-B"]
[Site "Aix les Bains"]
[Date "2007.08.20"]
[Round "7"]
[White "Lagunes, Matthieu"]
[Black "Giua, Stephanie"]
[Result "0-1"]
[WhiteElo "1868"]
[BlackElo "1968"]
[PlyCount "46"]
[EventDate "2007.08.13"]
[EventType "swiss"]
[EventRounds "11"]
[EventCountry "FRA"]
[SourceTitle "CBM 120 Extra"]
[Source "ChessBase"]
[SourceDate "2007.11.01"]
[SourceVersion "1"]
[SourceVersionDate "2007.11.01"]
[SourceQuality "1"]

1. e4 c5 2. Nf3 e6 3. d4 cxd4 4. Nxd4 Nf6 5. Nc3 d6 6. Be3 a6 7. Be2 Qc7 8. Qd2 b5 9. Rd1 Bb7 10. f3 Nbd7 11. 0-0 Ne5 12. Ndxb5 axb5 13. Nxb5 Qd8 14. Qc3 Rc8 15. Qb3 Bc6 16. Nxd6+ Bxd6 17. f4 Qc7 18. Bb6 Qe7 19. Qc3 Nxe4 20. Qd4 Nd7 21. Bf3 Bc5 22. Bxc5 Qxc5 23. Bxe4 Bxe4 0-1

[Event "FRA-ch op-B"]
[Site "Aix les Bains"]
[Date "2007.08.17"]
[Round "4"]
[White "Giua, Stephanie"]
[Black "Le Diouron, Aurelie"]
[Result "1-0"]
[WhiteElo "1968"]
[BlackElo "1995"]
[PlyCount "99"]
[EventDate "2007.08.13"]
[EventType "swiss"]
[EventRounds "11"]
[EventCountry "FRA"]
[SourceTitle "CBM 120 Extra"]
[Source "ChessBase"]
[SourceDate "2007.11.01"]
[SourceVersion "1"]
[SourceVersionDate "2007.11.01"]
[SourceQuality "1"]

1. e4 e5 2. Nf3 Nc6 3. Bb5 a6 4. Ba4 Nf6 5. 0-0 b5 6. Bb3 Be7 7. Re1 0-0 8. c3 d5 9. exd5 Nxd5 10. Nxe5 Nxe5 11. Rxe5 c6 12. d4 Bd6 13. Re1 Qh4 14. g3 Qh3 15. Be3 Bg4 16. Qd3 Rae8 17. Nd2 f5 18. Qf1 Qh5 19. f4 Kh8 20. Bxd5 cxd5 21. a4 g5 22. axb5 axb5 23. Qf2 Re6 24. b3 Rfe8 25. fxg5 f4 26. gxf4 Qh3 27. Nf1 Bf3 28. Qg3 Qh5 29. Bf2 Be4 30. Re3 Rf8 31. Qh4 Qxh4 32. Bxh4 Bxf4 33. Re2 Rg8 34. Ng3 Bxg5 35. Bxg5 Rxg5 36. Ra5 Rc6 37. Re3 Rb6 38. Kf2 Bc2 39. c4 dxc4 40. bxc4 Rg4 41. Rxb5 Rf6+ 42. Ke2 Rxd4 43. Rb8+ Kg7 44. Nh5+ Kg6 45. Nxf6 Kxf6 46. Rf8+ Kg6 47. Rg3+ Kh6 48. Rc3 Ba4 49. c5 Rd7 50. Rg8 1-0

[Event "Pic d'Anie op 1st"]
[Site "Arette"]
[Date "2004.08.??"]
[Round "7"]
[White "Giua, Stephanie"]
[Black "Covolo, Thierry"]
[Result "1-0"]
[WhiteElo "2024"]
[BlackElo "1890"]
[PlyCount "61"]
[EventDate "2004.08.??"]
[EventType "swiss"]
[EventRounds "7"]
[EventCountry "FRA"]
[SourceTitle "EXT 2007"]
[Source "ChessBase"]
[SourceDate "2006.11.23"]
[SourceVersion "1"]
[SourceVersionDate "2006.11.23"]
[SourceQuality "1"]

1. e4 c5 2. Nc3 e6 3. g3 d5 4. exd5 exd5 5. d4 Nf6 6. Bg2 h6 7. Nge2 Bg4 8. Qd3 Bxe2 9. Qxe2+ Be7 10. Qb5+ Qd7 11. Qxd7+ Nbxd7 12. dxc5 Bxc5 13. Nxd5 0-0 14. Nxf6+ Nxf6 15. 0-0 Rae8 16. Bxb7 Re2 17. c3 Rxf2 18. Rxf2 Ng4 19. Kf1 Nxf2 20. b4 Bb6 21. c4 Bd4 22. Rb1 Nd3 23. Bd2 Rb8 24. Bd5 g5 25. Rb3 Ne5 26. h4 Rc8 27. Bc3 Bxc3 28. Rxc3 Kg7 29. hxg5 hxg5 30. c5 Rd8 31. c6 1-0